IF YOU MEET THE BUDDHA ON THE ROAD KILL (Record no. 23692)

MARC details
000 -LEADER
fixed length control field 00344nam a2200133Ia 4500
008 - FIXED-LENGTH DATA ELEMENTS--GENERAL INFORMATION
fixed length control field 240624s9999 xx 000 0 und d
041 ## - LANGUAGE CODE
Language code of text/sound track or separate title eng
082 ## - DEWEY DECIMAL CLASSIFICATION NUMBER
Classification number 823 KOP
100 ## - MAIN ENTRY--PERSONAL NAME
Personal name KOPP SHELDON B
245 ## - TITLE STATEMENT
Title IF YOU MEET THE BUDDHA ON THE ROAD KILL
260 ## - PUBLICATION, DISTRIBUTION, ETC.
Date of publication, distribution, etc. 1972
Place of publication, distribution, etc. London
Name of publisher, distributor, etc. Bantam Books
300 ## - PHYSICAL DESCRIPTION
Extent x, : 238 : p. : cm. ; 16
365 ## - TRADE PRICE
Currency code
Price amount 25
Holdings
Withdrawn status Lost status Damaged status Not for loan Home library Current library Shelving location Date acquired Source of acquisition Cost, normal purchase price Total Checkouts Full call number Barcode Date last seen Date last checked out Copy number Price effective from Koha item type
        IMTN IMTN Rack 38-B 11/05/2014 VBC 7.99 1 823 KOP 23692 07/24/2024 07/08/2024 64.2 06/24/2024 Books
Designed & Maintained by: LRC IMT Nagpur Contact: lrc@imtnag.ac.in© 2024. All Rights Reserved.